000 00408nmm a2200145Ia 4500
008 251105s9999||||xx |||||||||||||||||und||
041 _aspa
100 _aTazón, Juan
245 0 _aLos caballeros de las sombras
264 _a[Madrid, España] :
_bEdiciones B,
_c2015
300 _a316 páginas
650 _aHistorical fiction
856 _uhttps://public.digitaliapublishing.com/a/53430
942 _cCF
999 _c105630
_d105630